000 00468 a2200157 4500
999 _c10233
_d10233
020 _a9780786950607
050 _aPS3554.TRO 2009
100 _a Denning, Troy
_eauthor
245 _aThe obsidian oracle /
_cTroy Denning, cover art by Brom.
264 _aRenton, WA :
_bWizards of the Coast,
_c♭2009.
300 _a344 pages : map ; 21 cm.
500 _ano index
650 _a Magic
_xFiction.
650 _aDragons
_x Fiction.
942 _2lcc
_cBK
_h3554
_iTRO
_kPS